Aircraft structures for engineering students (Record no. 548144)

000 -LEADER
fixed length control field 00459cam a2200157 4500
020 ## - INTERNATIONAL STANDARD BOOK NUMBER
International Standard Book Number 0713132760
082 00 - DEWEY DECIMAL CLASSIFICATION NUMBER
Classification number 629.133
Author Mark MEG
100 1# - MAIN ENTRY--PERSONAL NAME
Personal name Megson, T. H. G.
9 (RLIN) 41173
245 10 - TITLE STATEMENT
Title Aircraft structures for engineering students
Statement of responsibility, etc. [by] T. H. G. Megson.
260 ## - PUBLICATION, DISTRIBUTION, ETC.
Place of publication, distribution, etc. London,
Name of publisher, distributor, etc. Edward Arnold,
Date of publication, distribution, etc. 1972.
300 ## - PHYSICAL DESCRIPTION
Extent ix, 485 p.
Other physical details illus.
Dimensions 24 cm.
526 ## - STUDY PROGRAM INFORMATION NOTE
Program name 0
Interest level 0
Reading level 0
Title point value 629_133000000000000_MEG
650 #0 - SUBJECT ADDED ENTRY--TOPICAL TERM
Topical term or geographic name entry element Airframes.
9 (RLIN) 44318
650 #0 - SUBJECT ADDED ENTRY--TOPICAL TERM
Topical term or geographic name entry element MCE
9 (RLIN) 379
942 ## - ADDED ENTRY ELEMENTS (KOHA)
Source of classification or shelving scheme
Koha item type Book
Holdings
Withdrawn status Lost status Source of classification or shelving scheme Damaged status Not for loan Permanent Location Current Location Date acquired Total Checkouts Full call number Barcode Date last seen Price effective from Koha item type
          Military College of Engineering (MCE) Military College of Engineering (MCE) 08/22/2014   629.133 MEG MCE-41877 08/22/2014 08/22/2014 Book
© 2023 Central Library, National University of Sciences and Technology. All Rights Reserved.